Diccionario biográfico de mujeres de El Colegio de México : las generaciones constructoras /

Bibliographic Details
Other Authors: Cano, Gabriela (Editor), Espino Armendáriz, Saúl (Editor)
Format: Electronic eBook
Language:Spanish
Published: Ciudad de México, México : El Colegio de México, 2024.
Edition:Primera edición electrónica.
Subjects:
Online Access:Digitalia Hispánica

MARC

LEADER 00000nam a2200000Ii 4500
001 DIGCOLMX0565
003 NyNyDIG
006 m o d
007 cr |||||||||||
008 250402s2024 mx a ob 000 0bspa d
035 |a (OCoLC)1514307061 
040 |a DGITA  |b eng  |e rda  |e pn  |c DGITA 
020 |a 9786075646206  |q electrónico 
020 |z 9786075645803  |q impreso 
043 |a n-mx--- 
050 1 4 |a CT3295 ebook 
245 0 0 |a Diccionario biográfico de mujeres de El Colegio de México :  |b las generaciones constructoras /  |c Gabriela Cano, Saúl Espino Armendáriz, coordinadores. 
250 |a Primera edición electrónica. 
264 1 |a Ciudad de México, México :  |b El Colegio de México,  |c 2024. 
300 |a 1 online resource :  |b illustrations. 
336 |a text  |b txt  |2 rdacontent 
337 |a computer  |b c  |2 rdamedia 
338 |a online resource  |b cr  |2 rdacarrier 
347 |a text file  |2 rdaft 
347 |b EPUB 
504 |a Includes bibliographical references. 
588 0 |a Online resource; title from ePub title page (Digitalia, viewed April 2, 2025) 
610 2 0 |a Colegio de México. 
650 0 |a Women  |z Mexico  |v Biography  |v Dictionaries. 
650 0 |a Women college students  |z Mexico. 
700 1 |a Cano, Gabriela,  |e editor. 
700 1 |a Espino Armendáriz, Saúl,  |e editor. 
776 0 8 |i Print version:  |t Diccionario biográfico de mujeres de El Colegio de México.  |b Primera edición impresa.  |d Ciudad de México, México : El Colegio de México, 2024  |z 9786075645803 
791 2 |a Digitalia (Firm),  |e distributor. 
793 0 |g Digitalia eBook Collection:  |a El Colegio de México 
856 4 0 |3 Digitalia Hispánica  |u https://www.digitaliapublishing.com/a/171407/ 
910 |a Premium collection: 2025